[Event "Dos Hermanas-B"]
[Site "Dos Hermanas"]
[Date "2001.04.23"]
[Round "5"]
[White "Oms Pallisse, Josep"]
[Black "Korneev, Oleg"]
[Result "0-1"]
[WhiteElo "2427"]
[BlackElo "2572"]
[Annotator "Lutz,C"]
[PlyCount "52"]
[EventDate "2001.04.19"]
[EventType "tourn"]
[EventRounds "9"]
[EventCountry "ESP"]
[EventCategory "9"]
[SourceTitle "CBM 083"]
[Source "ChessBase"]
[SourceDate "2001.07.05"]
[SourceVersion "1"]
[SourceVersionDate "2001.07.05"]
[SourceQuality "1"]

1. d4 {Wells} d5 2. c4 e6 3. Nf3 Nf6 4. Nc3 c6 5. Bg5 h6 6. Bh4 dxc4 7. e4 g5
8. Bg3 b5 9. Be2 Bb7 10. Ne5 $5 {Topalovs Zug.} ({In preference to the text,
the ultra-sharp} 10. h4 $5 {Wells: has been fashionable in the last year or
two. I draw attention to this mainly to point out an interesting trend in the
theory here. After trying several different routes black has eventually moved
towards the sharpest. As I mention in the text a lot can be put up with for a
healthy centre pawn. Hence} b4 $5 11. hxg5 (11. Na4 {Wells} Nxe4 12. Be5 Rg8 $5
$13 {white has nothing concrete and has added an important centre pawn to his
spoils.}) 11... bxc3 12. bxc3 $5 {and here we have it. As black tries more and
more ambitious moves so white is pushed to try further investment in
preference to allowing the serious counterplay which ...cxb2 represents.} (12.
gxf6 {Wells} cxb2 13. Rb1 Qa5+ 14. Nd2 c3 15. O-O Ba6 $132 {0-1 Atalik,S-Dreev,
A/Sarajevo BIH 2001}) 12... Nxe4 13. Be5 Rh7 14. Qc2 {[%csl Ye5][%cal Ya1b1,
Yc2h7] and although the final word is certainly yet to be spoken, white
clearly has very dangerous attacking chances.} Qa5 15. O-O c5 16. Rab1 Qxc3 17.
Qa4+ Bc6 18. Rxb8+ {1-0 Ivanov,S-Potkin,V/St Petersburg 2000 (18)}) 10... Bg7 (
10... Nbd7 11. O-O (11. Qc2 Rg8 (11... Nxe5 12. Bxe5 Be7 13. O-O Qb6 14. Rad1
Rg8 15. b3 cxb3 16. axb3 $44 {0-1 Van Wely,L-Dreev,A/Neum 2000/EXT 2001 (36)})
(11... Bg7 12. Rd1 Nxe5 13. Bxe5 Qa5 14. O-O O-O 15. f4 Nh7 16. Bxg7 Kxg7 17.
fxg5 hxg5 18. e5 c5 19. d5 $40 {1-0 Topalov,V-Komljenovic,D/Villarrobledo 2000/
EXT 2001 (32)}) 12. Rd1 Nxe5 13. Bxe5 Nd7 14. Bg3 Qb6 15. O-O a6 16. d5 O-O-O
17. dxe6 fxe6 18. Bg4 c5 19. e5 Be7 20. Qh7 Rge8 21. Qf7 Qc6 22. Bf3 Qc7 23.
Qxe6 $40 {1-0 Topalov,V-Bareev,E/Frankfurt 2000/CBM 76 ext (49)}) (11. h4 Nxe5
12. hxg5 Nfd7 13. dxe5 Qxg5 14. Kf1 h5 15. Rh3 h4 16. f4 Qxg3 17. Rxg3 hxg3 18.
Bh5 O-O-O 19. Qf3 f6 20. Rd1 fxe5 21. Bf7 b4 22. Bxe6 bxc3 23. Rxd7 Rxd7 24.
Qxc3 Rhh7 $13 {1/2-1/2 Dimitrov,V-Yevseev,D/Koszalin 1999/EXT 2000 (53)}) 11...
b4 12. Nxd7 Kxd7 $2 13. e5 bxc3 14. exf6 cxb2 15. Rb1 Ba3 16. Qa4 Qf8 17. Bxc4
Kc8 18. Ba6 {1-0 Sasikiran,K-Hatanbaatar,B/Istanbul 2000/EXT 2001 (18)}) (10...
Bb4 11. O-O Nbd7 12. f4 Bxc3 13. bxc3 Nxe5 14. fxg5 Nfd7 15. dxe5 Qxg5 16. Rxf7
O-O-O 17. Bg4 Qg6 18. Bh5 Qxe4 19. Qd6 Qd5 20. Rd1 $40 {1-0 Sasikiran,K-Ramesh,
R/Udaipur 2000/EXT 2001 (32)}) 11. h4 b4 $146 {Dieser Zug ist eine Neuerung.
Schwarz ergreift unmittelbar die Initiative im Zentrum und beschwört
Komplikationen herauf.} (11... Nfd7 $6 12. Ng4 $1 Qa5 13. hxg5 hxg5 14. Rxh8+
Bxh8 15. Kf1 $16 {1/2-1/2 Topalov,V-Timman,J/Wijk aan Zee 1998/CBM 63/[Lutz] 
(42)}) (11... Nbd7 12. Qc2 c5 13. hxg5 cxd4 $6 14. Nxb5 Nxe4 15. Nxc4 Nxg3 16.
Nbd6+ Kf8 17. Nxb7 Qc7 18. fxg3 Qxb7 (18... Qxg3+ {Lutz} 19. Kf1 hxg5 20. Rxh8+
Bxh8 21. Qd3 $16) 19. O-O $16 {1-0 Topalov,V-Dreev,A/New Delhi/Theran 2000/CBM
81/[Lutz] (34)}) 12. hxg5 hxg5 13. Rxh8+ Bxh8 14. Nxc4 (14. Bh5 $5 {ist
letztlich nicht gut für Weiß.} Nxh5 {Wells: 'when black has covered the main
threats without making serious concessions.'} (14... bxc3 15. Nxf7 Qa5 16.
Nxh8+ Kd7 17. b4 $1 cxb3 (17... Qxb4 18. Rb1) 18. axb3 $16) 15. Qxh5 Bxe5 16.
dxe5 (16. Bxe5 bxc3) 16... Nd7 (16... bxc3 17. Qh8+ Ke7 18. Qf6+ Ke8 $11) 17.
Ne2 Nc5 $36) 14... bxc3 15. Nd6+ Kf8 16. Nxb7 Qb6 17. Nc5 cxb2 {Wells:
'whether black's defence here is entirely sufficient, it is typical of the
modern counterpunching trend. He makes concessions ( here king safety,
disharmonious pieces ) in order to retain definite counterattacking trumps (
the b2 pawn, and later chances to strile at d4. )'} 18. Rb1 Nbd7 {Bis hierhin
sehen die beiderseitigen Züge nach 11...b4 recht plausibel aus.} 19. Nxd7+ (19.
Qd2 Qd8 (19... Nxc5 20. dxc5 Nxe4 21. cxb6 Nxd2 22. Kxd2 axb6 23. Bf3 $16) 20.
Nxd7+ Qxd7 21. Qe3 Nh7 22. Be5 Bxe5 23. dxe5 Rb8 24. Rxb2 Rxb2 25. Qa3+ $13)
19... Nxd7 20. Bd6+ Kg8 21. e5 {'!' Wells. Weiß hat den Bh8 eingesperrt, aber
Schwarz hat noch den Pb2. Schwarz muss nun energisch handeln, sonst kommt
einfach 22.Qd2 mit klarem Vorteil.} c5 $5 ({If} 21... Qa5+ {Wells} 22. Kf1 Qxa2
23. Qc2 $14 {black loses his main counterpunching asset and stands worse.}) 22.
Qa4 $1 Rd8 23. Bb5 $1 {Zwingt Schwarz zu einem Figurenopfer.} cxd4 24. Bxd7 d3
25. Be7 $2 {'??' Wells. Ein naheliegender Zug, der jedoch brillant wiederlegt
wird.} (25. Bb5 $1 {gibt Weiß Vorteil, aber das ist sehr schwer in der Partie
zu berechnen.} d2+ $1 26. Ke2 $1 Bxe5 $5 27. Bxe5 d1=Q+ 28. Rxd1 Rxd1 29. Bd3
$3 {Mit der Idee Qe8+, ohne diese Möglichkeit stünde Weiß schlecht.} Rd2+ $5 {
Die einzige Chance.} (29... Re1+ 30. Kxe1 b1=Q+ 31. Bxb1 Qxb1+ 32. Kd2 $18) 30.
Kxd2 Qxf2+ 31. Kd1 (31. Kc3 Qc5+ 32. Kxb2 Qxe5+ $13) 31... Qg1+ (31... b1=Q+
32. Bxb1 Qf1+ 33. Kd2 Qf2+ 34. Kd3 Qf1+ 35. Kd4 Qf2+ 36. Kc4 Qe2+ 37. Bd3 Qxe5
38. Qxa7 $18) 32. Ke2 Qxg2+ 33. Ke3 Qg1+ 34. Kf3 Qh1+ 35. Kf2 $18) (25. Kf1 $1
{Wells} a6 (25... Qb7 {Wells} 26. Bc6 Rc8 27. Bxb7 Rc1+ 28. Qd1) 26. Kg1 Bg7
$14) 25... Qc7 $1 $19 26. Bxd8 Qc2 $1 {Trotz seines großen Materialvorteils
ist Weiß machtlos gegen die schwarzen Freibauern.} 0-1

[Event "RUS-ch sf 58th"]
[Site "Kazan"]
[Date "2005.09.03"]
[Round "1"]
[White "Vitiugov, Nikita"]
[Black "Kobalia, Mihail"]
[Result "0-1"]
[WhiteElo "2519"]
[BlackElo "2614"]
[Annotator "Lutz,C"]
[PlyCount "64"]
[EventDate "2005.09.03"]
[EventType "swiss"]
[EventRounds "9"]
[EventCountry "RUS"]
[SourceTitle "CBM 109"]
[Source "ChessBase"]
[SourceDate "2005.11.14"]
[SourceVersion "1"]
[SourceVersionDate "2005.11.14"]
[SourceQuality "1"]

1. d4 d5 2. c4 c6 3. Nc3 Nf6 4. Nf3 e6 5. Bg5 h6 6. Bh4 dxc4 7. e4 g5 8. Bg3 b5
9. Be2 Bb7 10. h4 g4 11. Ne5 h5 12. f3 Nbd7 13. fxg4 hxg4 14. O-O Bg7 $6 $146 {
An innovation, though not a convincing one. It is surprising that Black does
not play Dreev's rook sacrifice. Eine Neuerung, die jedoch nicht überzeugen
kann. Es ist überraschend, dass Schwarz nicht Dreevs Turmopfer spielt.} (14...
Bh6 $6 15. Nxf7 $1 Kxf7 16. e5 Be3+ 17. Kh2 Ke8 18. exf6 Nxf6 19. Bxg4 Qe7 20.
Qf3 Rh6 21. Rae1 c5 22. d5 Bg5 23. Rxe6 Nxg4+ 24. Qxg4 Rxe6 25. dxe6 Bh6 26.
Rf7 {1-0 Malinin,Y-Sestjakov,S/Tula 2001/EXT 2002 (26)}) (14... Nxe5 15. Bxe5
Nd7 $3 16. Bxh8 Qxh4 17. Bxg4 Qxh8 18. e5 O-O-O $1 $146 (18... Nxe5 $2 {
1-0 Kasparov,G-Dreev,A/Moscow 2004/CBM 104/[Stohl] (59) Lutz}) 19. Qe2 c5 $1
20. d5 Nxe5 21. dxe6 Nxg4 22. Qxg4 Qd4+ 23. Qxd4 cxd4 24. Nxb5 fxe6 25. Rac1
Bh6 26. Rxc4+ Kb8 27. Re1 Be3+ 28. Rxe3 dxe3 29. Rd4 Rf8 30. Rd1 a6 31. Nc3 Rf2
32. Rd6 e5 33. Re6 Rf5 34. Rg6 Rf2 35. Rg5 Rxb2 36. Rxe5 Rxg2+ {1/2-1/2 Bacrot,
E-Dreev,A/Poikovsky 2005/CBM 106/[Lutz] (36)}) 15. Nxf7 $1 Kxf7 16. e5 Kg8 17.
Bxg4 $1 Rh6 (17... Nxg4 18. Qxg4 {and the infiltration of the knight to d6
gives White a clear advantage, e.g. und das Eindringen des Springers nach d6
gibt Weiß deutlichen Vorteil, z.B.} Rh6 19. Ne4 Qe8 (19... Kh8 20. Nd6 $18) 20.
Rf6 Kh8 21. Nd6 Nxf6 22. exf6 Qg6 23. fxg7+ Kg8 24. Qf3 Qxg7 25. Be5 $18) 18.
Bxe6+ Kh8 19. Bf4 (19. exf6 Nxf6 $16 {is also good for White, but Black can
still thrash about for a bit. ist ebenfalls gut für Weiß, aber Schwarz
strampelt noch.}) 19... Ng8 (19... Rxh4 20. Bg5) 20. Bg5 Qe8 21. Bf7 Qc8 22.
Ne4 $6 (22. Qd2 $1 Rh7 (22... c5 23. Bxg8) 23. Ne4 $18 {is pretty bad for
Black. ist ziemlich übel für Schwarz.}) 22... c5 23. Nf6 $2 {And this swings
the game round a full 180 degrees. Danach wechselt sich der Kurs der Partie um
180 Grad.} (23. Bxh6 Nxh6 24. Nd6 Qc7 25. Qh5 $16) (23. Nd6 $2 Rxd6 24. exd6
Bxd4+ 25. Kh2 Ne5 26. Qh5+ Kg7 $13) 23... Ndxf6 24. exf6 Bxf6 25. Rxf6 Nxf6 26.
Bxh6 Qd7 {Now things have cleared up and suddenly Black is the one attacking.
Jetzt hat sich die Lage geklärt und auf einmal ist Schwarz der Angreifer.} 27.
Bg6 (27. Bh5 $142 cxd4 $17) 27... Rg8 $19 28. h5 Qd5 29. Qc2 (29. Qe2 Nxh5 $1 {
/\} 30. Qxh5 Qxg2#) 29... Nxh5 30. Re1 Qd6 31. Re8 Rxe8 32. Bxe8 Qxh6 0-1

[Event "St Petersburg-ch 78th"]
[Site "St Petersburg"]
[Date "2005.03.21"]
[Round "5"]
[White "Ivanov, Sergey"]
[Black "Vitiugov, Nikita"]
[Result "0-1"]
[WhiteElo "2574"]
[BlackElo "2478"]
[Annotator "Lutz,C"]
[PlyCount "88"]
[EventDate "2005.03.17"]
[EventType "tourn"]
[EventRounds "11"]
[EventCountry "RUS"]
[EventCategory "10"]
[SourceTitle "CBM 106"]
[Source "ChessBase"]
[SourceDate "2005.06.06"]
[SourceVersion "1"]
[SourceVersionDate "2005.06.06"]
[SourceQuality "1"]

1. d4 d5 2. c4 e6 3. Nf3 Nf6 4. Nc3 c6 5. Bg5 h6 6. Bh4 dxc4 7. e4 g5 8. Bg3 b5
9. Be2 Bb7 10. h4 g4 11. Ne5 h5 12. f3 Nbd7 13. fxg4 Nxe5 $2 {Dieser Zug ist
eine ernsthafte Ungenauigkeit gegenüber sofortigem 13...hxg4, da Weiß nun ohne
die kurze Rochade auskommen kann.} (13... hxg4 14. O-O (14. Bxg4 $2 {ist nun
nicht möglich wegen} Rg8 15. Bh5 Rxg3 16. Nxf7 Qb6 $17) 14... Nxe5 15. Bxe5 Nd7
$1 {1/2-1/2 Bacrot,E-Dreev,A/Poikovsky 2005/CBM 106_01/[Lutz] (36)}) 14. Bxe5
hxg4 15. Bxg4 $1 (15. O-O {würde zu der Stellung nach 13... hxg4 14.0-0 Sxe5
15.Lxe5 führen. Aber dank der schwarzen Ungenauigkeit hat Weiß nun eine andere
Fortsetzung.}) 15... Rh6 (15... Rg8 16. Bh5 $1 Nxh5 17. Qxh5 Rxg2 18. Rf1 Qd7
19. O-O-O $40 {Kobalija}) 16. Qf3 $1 {Weiß betont, dass Schwarz auch Schwächen
hat, nämlich die f-Linie.} (16. h5 Qa5 17. O-O Nd7 18. Bf4 Rh7 19. e5 Qb6 20.
Ne4 Be7 21. a4 a5 22. Kh1 c5 23. dxc5 Nxc5 24. Nxc5 Qxc5 25. Qc2 Rg7 26. Bf3
Bxf3 27. Rxf3 Rg4 28. g3 Qd5 29. Raf1 O-O-O $132 {Beliavsky,A-Kobalija,M/FIDE
WCh Tripoli/2004/}) 16... Nd7 (16... b4 17. Na4 c5 18. Rf1 Bxe4 19. Qf4 $36 {
Kobalija}) (16... Nxg4 17. Qxg4 b4 18. Na4 $1 {/\} (18. Ne2 c5 $132) 18... Qa5
19. O-O Qxa4 20. Qg8 O-O-O 21. Rxf7 Bd6 22. Qg7 Bxe5 23. Qxe5 $18) 17. Bh5 Rh7
18. O-O-O Qa5 19. Kb1 $2 {Weiß ist offenbar zu sehr von der Drohung ...b5-b4
beeindruckt.} (19. Rhf1 $1 {ist die konsequente Fortsetzung.} O-O-O 20. Bxf7 b4
21. Bxe6 $1 Bh6+ (21... bxc3 22. Qxf8 $1 Qxa2 23. Qb4 $18) 22. Kb1 bxc3 23.
Qxc3 Qxc3 24. bxc3 $40 {nebst Vormarsch des g-Bauern gibt Weiß sehr gutes
Spiel.}) 19... b4 20. Ne2 (20. Rhf1 $5 O-O-O 21. Bxf7 bxc3 22. Bxe6 Ba3 $5 23.
Qxc3 Qxc3 24. bxc3 Re8 {ist nun nicht mehr ganz so überzeugend.}) 20... Nxe5
21. dxe5 Qxe5 $17 {Jetzt hat Schwarz einen Mehrbauern und das wunderbare Feld
e5 für seine Dame. Weiß versucht noch durch ein Figurenopfer den Gang der
Ereignisse zu ändern, aber dafür ist es bereits zu spät.} 22. Nf4 Bd6 23. Nxe6
Qxe6 24. e5 Rxh5 25. Qxh5 Bf8 26. Rhf1 Qg6+ 27. Qxg6 fxg6 28. g4 Bc8 29. Rd4
Be6 30. Rf6 Bd5 31. Rxg6 Bc5 32. Rxd5 (32. Rf4 Be3 $19) 32... cxd5 33. Rg8+ Bf8
34. e6 Rc8 35. h5 Rc7 36. h6 Rh7 37. g5 Ke7 38. Rg6 Kd6 39. b3 c3 40. Kc2 Be7
41. Kd3 Rh8 42. Kc2 Rf8 43. h7 Rf2+ 44. Kd3 Rh2 0-1

[Event "RUS-chT 12th"]
[Site "Sochi"]
[Date "2005.04.26"]
[Round "8"]
[White "Onischuk, Alexander"]
[Black "Lastin, Alexander"]
[Result "0-1"]
[WhiteElo "2638"]
[BlackElo "2590"]
[Annotator "Lutz,C"]
[PlyCount "76"]
[EventDate "2005.04.19"]
[EventType "team-tourn"]
[EventRounds "11"]
[EventCountry "RUS"]
[SourceTitle "EXT 2020"]
[Source "ChessBase"]
[SourceDate "2019.10.17"]
[SourceVersion "1"]
[SourceVersionDate "2019.10.17"]
[SourceQuality "1"]
[WhiteTeam "Moscow Youth of"]
[BlackTeam "Nizhny Tagil Politekhnik"]
[WhiteTeamCountry "RUS"]
[BlackTeamCountry "RUS"]

1. d4 d5 2. c4 c6 3. Nc3 Nf6 4. Nf3 e6 5. Bg5 h6 6. Bh4 dxc4 7. e4 g5 8. Bg3 b5
9. Be2 Bb7 10. h4 g4 11. Ne5 h5 12. O-O Nbd7 13. Qc2 Nxe5 14. Bxe5 Bg7 15. Rad1
O-O 16. Bg3 Nd7 17. f3 Qb6 18. Kh2 $146 {Dieser Zug ist eine Neuerung
gegenüber dem mehrfach gespielten 18.Kh1. Für mein Empfinden steht aber der
König auf h1 besser als auf h2, da auf h1 die Wahrscheinlichkeit für ein
lästiges schwarzes Zwischenschach geringer erscheint. So oder so sollte Weiss
jedoch keinen Vorteil haben.} (18. Kh1 c5 (18... e5 19. dxe5 $5 (19. d5 cxd5
20. Nxd5 Bxd5 21. Rxd5 Rad8 22. fxg4 hxg4 23. Bxg4 Nf6 $11 {1/2-1/2 Vallejo
Pons,F-Dreev,A/Biel 2002/CBM 91/[Lutz] (42)}) 19... Nxe5 20. Qc1 Rae8 21. fxg4
hxg4 22. Rd6 $13 {1-0 Filippov,V-Borovikov,V/Chalkidiki 2002/CBM 92/[Lutz] (60)
}) 19. d5 Ne5 20. fxg4 hxg4 21. Qc1 Nd3 (21... exd5 22. Nxd5 Bxd5 23. Rxd5 Rae8
24. Rf5 f6 25. Qd1 Nf7 $13 {1/2-1/2 Avrukh,B-Novikov,I/Mallorca 2004/CBM 104/
[Lutz] (40)}) (21... b4 $5) 22. Bxd3 cxd3 23. Rxd3 b4 $13 {1/2-1/2 Van Wely,
L-Kobalija,M/Moscow 2005/CBM 106/[Lutz] (35)}) 18... Rad8 $5 {Schwarz drückt
weiter gegen d4, aber vielleicht ist das zu langsam. Analog zu den Varianten
nach 18.Kh1 ist auch hier 18...e5 oder 18...c5 möglich.} (18... e5 $5) (18...
c5 $5) (18... Bxd4 $2 19. Rxd4 Qxd4 20. Rd1) 19. fxg4 hxg4 20. Rf4 $1 {Weiss
opfert das Zentrum, nimmt dafür aber direkt den schwarzen König aufs Korn.} (
20. e5 c5) (20. Qc1 $5) 20... e5 (20... c5 $5) 21. Rxg4 exd4 22. Qc1 $1 c5 (
22... f6 $5 23. h5 Kh7 24. Qf4 $13) 23. Nxb5 {Jetzt ist Schwarz in Problemen.}
Bxe4 $5 {Schwarz opfert eine Figur, um dank seiner Bauernmasse im Zentrum
Gegenspiel zu erlangen.} (23... Nf6 24. Rxg7+ Kxg7 25. Qg5+ Kh7 26. Qf5+ Kg8
27. Bc7 $18) 24. Qg5 Qg6 (24... Bg6 25. Bxc4 $18) 25. Qf4 Qf6 26. Qxe4 Rfe8 27.
Qc2 Ne5 28. Rg5 $2 {Von nun an geht es bergab mit der weissen Stellung.} (28.
Rxg7+ $5 Kxg7 29. Qc1 $16) 28... d3 29. Bxd3 cxd3 30. Qxc5 d2 31. Nc7 $2 {
Es sieht so aus, als wäre Weiss im Vorteil, aber Schwarz hat noch einen Pfeil
im Köcher ...} Nf3+ $1 32. gxf3 Re2+ 33. Bf2 $2 (33. Kh3 Qxf3 34. Qg1 f6 35.
Rg4 Qf5 {sieht günstig für Schwarz aus, ist aber noch nicht klar.}) 33... Qxf3
34. Rg2 Kh8 {Trotz Mehrfigur ist Weiss hilflos.} 35. Qg5 Rg8 36. Bd4 Rxg2+ 37.
Qxg2 Qxd1 38. Qg5 Qe2+ 0-1

[Event "Dos Hermanas-A"]
[Site "Dos Hermanas"]
[Date "2001.04.25"]
[Round "7"]
[White "Krasenkow, Michal"]
[Black "Azmaiparashvili, Zurab"]
[Result "0-1"]
[WhiteElo "2655"]
[BlackElo "2670"]
[Annotator "Lutz,C"]
[PlyCount "38"]
[EventDate "2001.04.19"]
[EventType "tourn"]
[EventRounds "9"]
[EventCountry "ESP"]
[EventCategory "16"]
[SourceTitle "CBM 083"]
[Source "ChessBase"]
[SourceDate "2001.07.05"]
[SourceVersion "1"]
[SourceVersionDate "2001.07.05"]
[SourceQuality "1"]

1. Nf3 d5 2. d4 Nf6 3. c4 e6 4. Nc3 dxc4 5. Qa4+ c6 6. Qxc4 b5 7. Qb3 Nbd7 8.
Bg5 h6 (8... Be7) (8... a6) 9. Bxf6 {In zwei Partien von Kharlov stand dieses
Schlagen auf dem Plan.} (9. Bh4 $5 a6 10. e3 c5 11. Be2 Be7 12. O-O O-O 13.
Rfd1 Bb7 14. Rac1 cxd4 15. Nxd4 Qb6 $11 {1-0 Dydyshko,V-Smagin,S/Ivano
Frankovsk 1982/EXT 99 (34)}) 9... Nxf6 $146 {Es ist seltsam, dass dieses
Zurückschlagen eine Neuerung ist.} (9... gxf6 10. g3 Bb7 11. Bg2 a6 12. O-O Be7
13. e4 c5 14. d5 Qb6 15. Rad1 h5 16. Rd2 O-O-O 17. Qc2 Rhg8 18. b3 Bd6 19. a4
Ne5 20. axb5 axb5 21. Rfd1 $13 {1-0 Kharlov,A-Popov,V/St Petersburg 1998/CBM
67 ext (49)}) (9... Qxf6 10. e3 a6 11. a4 b4 12. Ne4 Qd8 13. Bc4 Be7 14. Ne5
Nxe5 15. dxe5 Qc7 16. f4 c5 17. O-O-O O-O 18. Nd6 Rd8 19. Qd3 Bxd6 20. exd6 Qc6
$13 {1/2-1/2 Kharlov,A-Beshukov,S/Kstovo 1997/CBM 59 (40)}) 10. e3 a6 11. Rc1
Bd7 {Dieser Zug sieht nur auf den ersten Blick seltsam aus. Schwarz plant ...
c6-c5 und will einem eventuellen Bf1xb5+ vorbeugen.} (11... Bb7 $5 12. e4 c5
13. dxc5 Bxc5 $2 14. Bxb5+ axb5 15. Qxb5+) 12. e4 c5 13. dxc5 (13. e5 cxd4 14.
Nxd4 Bc5 $5) 13... Qa5 14. e5 (14. Bd3 $11) 14... Ne4 15. a3 $2 {Was mag sich
Krasenkow dabei gedacht haben ? Das Turnier in Dos Hermanas wird der Pole
jedenfalls so schnell wie möglich vergessen wollen.} (15. Qc2 $142 Nxc5 16. a3)
15... Bxc5 $17 16. Rc2 Rc8 17. Bd3 Nxc3 18. bxc3 Qxa3 19. Qb1 Be7 {Mit einem
glatten Minusbauern macht das Weiterspielen nicht mehr so viel Spaß.} 0-1

[Event "FIDE-Wch k.o."]
[Site "New Delhi/Teheran"]
[Date "2000.12.07"]
[Round "4.2"]
[White "Topalov, Veselin"]
[Black "Dreev, Alexey"]
[Result "1-0"]
[WhiteElo "2707"]
[BlackElo "2676"]
[Annotator "Lutz,C"]
[PlyCount "67"]
[EventDate "2000.11.27"]
[EventType "k.o."]
[EventRounds "7"]
[EventCountry "IND"]
[SourceTitle "CBM 081"]
[Source "ChessBase"]
[SourceDate "2001.03.20"]
[SourceVersion "1"]
[SourceVersionDate "2001.03.20"]
[SourceQuality "1"]

1. d4 d5 2. c4 c6 3. Nf3 Nf6 4. Nc3 e6 5. Bg5 h6 6. Bh4 dxc4 7. e4 g5 8. Bg3 b5
9. Be2 Bb7 10. Ne5 $5 {Dieser Zug ist Topalovs Spezialität. Allerdings ist
Khalifmans 10.h4 populärer.} Bg7 (10... Nbd7 11. Qc2 (11. h4 Nxe5 12. hxg5 Nfd7
13. dxe5 Qxg5 14. Kf1 h5 15. Rh3 h4 16. f4 Qxg3 17. Rxg3 hxg3 18. Bh5 O-O-O $13
{1/2-1/2 Dimitrov,V-Yevseev,D/Koszalin 1999/EXT 2000 (53)}) (11. O-O b4 12.
Nxd7 Kxd7 $6 13. e5 bxc3 14. exf6 cxb2 15. Rb1 Ba3 16. Qa4 Qf8 17. Bxc4 Kc8 18.
Ba6 {1-0 Sasikiran,K-Hatanbaatar,B/Istanbul 2000/EXT 2001 (18)}) 11... Bg7 (
11... Rg8 12. Rd1 Nxe5 13. Bxe5 Nd7 14. Bg3 Qb6 15. O-O a6 16. d5 O-O-O 17.
dxe6 fxe6 18. Bg4 c5 19. e5 Be7 20. Qh7 Rge8 21. Qf7 Qc6 22. Bf3 Qc7 23. Qxe6
$36 {1-0 Topalov,V-Bareev,E/Frankfurt 2000/CBM 76 ext (49)}) (11... Nxe5 12.
Bxe5 Be7 13. O-O Qb6 14. Rad1 Rg8 15. b3 cxb3 16. axb3 a6 17. Bxf6 Bxf6 18. e5
Be7 19. Qh7 Rf8 20. Bh5 Qc7 21. Ne4 c5 22. dxc5 Qxe5 23. Rfe1 Bxe4 24. Rxe4 Qf6
25. Re3 Rd8 26. Rde1 $36 {0-1 Van Wely,L-Dreev,A/Neum 2000/EXT 2001 (36)}) 12.
Rd1 Nxe5 13. Bxe5 Qa5 14. O-O O-O 15. f4 Nh7 16. Bxg7 Kxg7 17. fxg5 hxg5 18. e5
c5 19. d5 exd5 20. Nxd5 Bxd5 21. Rxd5 Rad8 22. Rd6 Rxd6 23. exd6 Qb6 24. Qc3+
Kg8 25. Qe5 Rd8 26. Bh5 $18 {1-0 Topalov,V-Komljenovic,D/Villarrobledo 2000/
EXT 2001 (32)}) (10... Bb4 11. O-O Nbd7 12. f4 Bxc3 13. bxc3 Nxe5 14. fxg5 Nfd7
15. dxe5 Qxg5 16. Rxf7 O-O-O 17. Bg4 Qg6 18. Bh5 Qxe4 19. Qd6 Qd5 20. Rd1 Qc5+
21. Bf2 Qxd6 22. exd6 c5 23. Bg4 Bd5 24. Bxc5 Rhg8 25. Bh3 a6 26. Bf2 $16 {
1-0 Sasikiran,K-Ramesh,R/Udaipur 2000/EXT 2001 (32)}) 11. h4 Nbd7 (11... Nfd7
$6 12. Ng4 $1 Qa5 13. hxg5 hxg5 14. Rxh8+ Bxh8 15. Kf1 $16 {1/2-1/2 Topalov,
V-Timman,J/Wijk aan Zee 1998/CBM 63/[Lutz] (42)}) 12. Qc2 c5 13. hxg5 cxd4 $6 {
Schwarz beschwört Komplikationen herauf, die letztlich aber den Weißen in
Vorteil bringen.} (13... hxg5 $5 {sieht wie ein offensichtlicher
Verbesserungsversuch aus.}) 14. Nxb5 Nxe4 (14... Qa5+ $5 {ist interessant:} 15.
Kf1 Nxe4 (15... d3 16. Nd6+ Kf8 17. Nxb7 $18) (15... Qxb5 16. gxf6 Nxf6 17.
Nxc4 $16) 16. Nxc4 Qxb5 17. Nd6+ Nxd6 18. Bxb5 Nxb5 19. a4 Rc8 20. Qd2 Nc7 21.
gxh6 Bf6 {Ich denke, dass Weiß hier besser steht.}) 15. Nxc4 Nxg3 16. Nbd6+ Kf8
17. Nxb7 Qc7 18. fxg3 {Der vertrippelte weiße g-Bauer sieht nicht
beeindruckend aus, aber viel wichtiger ist, dass nun eiene Angriffslinie gegen
den Pf7 geöffnet ist.} Qxb7 (18... Qxg3+ 19. Kf1 hxg5 20. Rxh8+ Bxh8 21. Qd3
$16) 19. O-O $16 {Es erscheint mir, dass Dreev diese Stellung nicht richtig
bei seinen Vorausberechnungen eingeschätzt hat.} d3 {Um die Diagonalen b6-g1
und g7-a1 zu öffnen.} 20. Qxd3 Ne5 (20... Qd5 $5 21. g6 $16) 21. Nxe5 $18 {
Weiß steht auf Gewinn, da Schwarz an der offenen f-Linie zugrunde geht.} Qb6+ (
21... Bxe5 22. Bh5 {, und der Pf7 kann nicht mehr richtig gedeckt werden:} f6 (
22... f5 23. Rxf5+ $1 exf5 24. Qxf5+ $18) (22... Qb6+ 23. Kh1 $1 f5 (23... f6
24. Qd7 Qc7 25. Rxf6+ $18) 24. Rxf5+ $1 exf5 25. Qxf5+ Bf6 26. Qd7 Rh7 27. Qxh7
$18) 23. gxf6 $18) 22. Rf2 (22. Kh1 $4 {geht jetzt nicht.} hxg5+ $19) 22...
Bxe5 23. Qf3 {Der Rf2 ist nun gefesselt, aber jetzt schlägt das Unheil von der
anderen Seite zu: Der Pf7 und der Ra8 hängen.} f5 (23... Ke7 24. Qxf7+ Kd8 (
24... Kd6 25. Rd1+ $18) 25. g6 $18) 24. Qxa8+ Ke7 25. Qf3 {Mit dem Mehrturm
steht Weiß natürlich auf Gewinn, obwohl er wegen der Fesselung auf der
Diagonalen b6-g1 noch etwas Sorgfalt walten lassen muss.} hxg5 26. Rd1 Kf6 27.
Bc4 g4 28. Qd3 Kg5 29. Re1 Qc5 30. b4 Qd4 31. Rxe5 Qa1+ 32. Rf1 Qxe5 33. Qd2+
Kg6 34. Re1 1-0